000 03495nam a22002897a 4500
003 DO-CoUTE
005 20260516154051.0
008 260516b dr ||||| |||| 00| 0 spa d
040 _aDO-CoUTE
_bspa
_cDO-CoUTE
041 _aspa
092 _aGEO 2025 D35
100 1 _a De La Cruz Del Rosario, Wandy Miguel
_eSustentante
245 1 0 _aCaracterización Hidrogeológica Del Distrito Municipal Zambrana Abajo /
_cWandy Miguel De La Cruz Del Rosario, Solanlly Elisa Mendoza Soto, José Baudilio Hilario Castillo, Francisco Batista ; Asesor, Abel de Jesús Mota
260 _aCotuí, República Dominicana ;
_bUTECO,
_c2025
300 _a154 Hojas :
_bImagenes ;
_c23cm,
_e+ 1 CD-ROM
502 _a Trabajo de Grado (Ingeniero en Geología ) Universidad Tecnológica del Cibao Oriental, 2025.
504 _aIncluye referencia bibliográfica e índice.
520 _aEl Distrito Municipal Zambrana Abajo se encuentra a una altitud de 70 a 100 metros sobre el nivel del mar y posee una superficie de 138,01 km². La geología superficial del área está dominada principalmente por la Formación Los Ranchos, aunque también se observan afloramientos de otras unidades geológicas. En este contexto, la presente investigación se orienta a la caracterización hidrogeológica del Distrito Municipal Zambrana Abajo, con el propósito de comprender las condiciones geológicas e hidrogeológicas que controlan la disponibilidad y calidad de los recursos hídricos subterráneos. La historia geológica e hidrogeológica del área refleja la complejidad de la geología de la isla y los desafíos asociados a la explotación de aguas subterráneas y su calidad. En los últimos años, el desarrollo de la República Dominicana y el avance de la hidrogeología han estado marcados por la interacción entre factores geológicos, climáticos y estructurales, los cuales han influido en la configuración y comportamiento de los sistemas acuíferos. Los resultados evidencian la presencia de formaciones rocosas con distintos grados de permeabilidad. Los depósitos cuaternarios y algunas zonas fracturadas presentan el mayor potencial acuífero del área. Asimismo, el agua subterránea muestra variaciones significativas en sus parámetros químicos y en su calidad, permitiendo identificar tanto acuíferos con buenas condiciones como fuentes potencialmente vulnerables a procesos de contaminación, ya sea de origen natural o antrópico. El modelo conceptual desarrollado proporciona un marco integral para comprender el comportamiento del agua subterránea en el Distrito Municipal Zambrana Abajo, lo que permite identificar áreas con potencial para nuevas perforaciones, así como zonas que requieren acciones correctivas por su función como sitios aportadores. En conjunto, la investigación constituye una base científica y técnica para fortalecer la gestión del recurso hídrico, mejorar el acceso al agua en las comunidades rurales del distrito y promover su uso racional y sostenible.
650 4 _aCaracterización hidrogeológica
700 1 _aWandy Miguel De La Cruz Del Rosario
_eSustentante
700 1 _aSolanlly Elisa Mendoza Soto
_eSustentante
700 1 _aJosé Baudilio Hilario Castillo
_eSustentante
700 1 _aAbel de Jesús Mota
_eAsesor
830 _aTesis y disertaciones académicas (Universidad Tecnológica del Cibao Oriental)
856 _yHaga Click Aquí para Descargar en Texto Completo
942 _2ddc
_cTH
999 _c24195
_d24195